000 00226nam a2200097Ia 4500
001 1134529
005 20250827005130.0
008 250824s9999 xx 000 0 und d
245 0 _aDEVLET ANA
_cKEMAL TAHİR
260 _bKETEBE
999 _c1134529
_d1134529